| 000 | 00470nam a2200193Ia 4500 | ||
|---|---|---|---|
| 005 | 20241010052217.0 | ||
| 008 | 240331s9999 xx 000 0 und d | ||
| 020 | _a0415029740 | ||
| 082 |
_bMOI _a820 |
||
| 100 | _aMoi, T | ||
| 245 | 0 |
_aSexual/Textual politics : _bFeminist Literary Theory |
|
| 260 |
_aLondon _bRoutledge _c1985 |
||
| 300 | _axv, 206 p ., | ||
| 650 | _aSex | ||
| 650 | _aTextual Politics | ||
| 650 | _aFeminist | ||
| 650 | _aPhilosophy | ||
| 942 | _cL | ||
| 999 |
_c3150 _d3150 |
||